Francisco pizarro; la conquista trágica /
Guardado en:
| Autor Principal: | |
|---|---|
| Formato: | Libro |
| Publicado: |
Buenos Aires :
Molino,
1940
|
| Materias: | |
| Etiquetas: |
Agregar Etiqueta
Sin Etiquetas, Sea el primero en etiquetar este registro!
|
| LEADER | 00483nam a22001695a 4500 | ||
|---|---|---|---|
| 001 | CEM.cems004101 | ||
| 005 | 20060216000000.0 | ||
| 008 | 130507s1940##################000#0#####d | ||
| 003 | CEMS | ||
| 082 | 0 | 4 | |a 923 |
| 100 | 1 | |a Mallorquí Figuerola, J. | |
| 245 | 1 | 0 | |a Francisco pizarro; la conquista trágica / |
| 260 | |a Buenos Aires : |b Molino, |c 1940 | ||
| 300 | |a 78 p. | ||
| 653 | |a Biografias | ||
| 653 | |a Pizarro francisco-biograf. | ||
| 859 | |a CEMS |b BIB. CEMS - 11 de abril |h 923 |i P689m |p 2066.74 |t Ej.1 | ||
